The provision of non-formal education for human rights in Zimbabwe (Record no. 7804)
[ view plain ]
| 000 -LEADER | |
|---|---|
| fixed length control field | 00793nam a2200253Ia 4500 |
| 003 - CONTROL NUMBER IDENTIFIER | |
| control field | 0100 |
| 005 - DATE AND TIME OF LATEST TRANSACTION | |
| control field | 20161026094016.0 |
| 008 - FIXED-LENGTH DATA ELEMENTS--GENERAL INFORMATION | |
| fixed length control field | 130303s9999 xx 000 0 und d |
| 020 ## - INTERNATIONAL STANDARD BOOK NUMBER | |
| International Standard Book Number | 1779050666 |
| 040 ## - CATALOGING SOURCE | |
| Transcribing agency | ARRUPELIB |
| 050 ## - LIBRARY OF CONGRESS CALL NUMBER | |
| Classification number | JC599.Z55D46 1998 |
| 300 ## - PHYSICAL DESCRIPTION | |
| Other physical details | 21cm. |
| 100 ## - MAIN ENTRY--PERSONAL NAME | |
| Personal name | D'Engelbronner-Kolff, Marina |
| 9 (RLIN) | 26986 |
| 245 #4 - TITLE STATEMENT | |
| Title | The provision of non-formal education for human rights in Zimbabwe |
| Statement of responsibility, etc | Marina D'Engelbronner-Kolff |
| 260 ## - PUBLICATION, DISTRIBUTION, ETC. (IMPRINT) | |
| Place of publication, distribution, etc | Harare |
| 260 ## - PUBLICATION, DISTRIBUTION, ETC. (IMPRINT) | |
| Name of publisher, distributor, etc | SAPES Books |
| 260 ## - PUBLICATION, DISTRIBUTION, ETC. (IMPRINT) | |
| Date of publication, distribution, etc | 1998 |
| 300 ## - PHYSICAL DESCRIPTION | |
| Extent | 143p. |
| 440 ## - SERIES STATEMENT/ADDED ENTRY--TITLE | |
| Title | Southern Africa regional institute for policy studies |
| 9 (RLIN) | 26987 |
| 650 ## - SUBJECT ADDED ENTRY--TOPICAL TERM | |
| Topical term or geographic name as entry element | Human rights |
| General subdivision | Study and teaching |
| Geographic subdivision | Zimbabwe |
| 9 (RLIN) | 26988 |
| 650 ## - SUBJECT ADDED ENTRY--TOPICAL TERM | |
| Topical term or geographic name as entry element | Human Rights |
| Geographic subdivision | Zimbabwe |
| 9 (RLIN) | 416 |
| 700 ## - ADDED ENTRY--PERSONAL NAME | |
| Personal name | Marina D'Engelbronner-Kolff |
| 9 (RLIN) | 26989 |
| 942 ## - ADDED ENTRY ELEMENTS (KOHA) | |
| Source of classification or shelving scheme | Library of Congress Classification |
| Koha item type | Monograph ( Printed materials) |
| Withdrawn status | Lost status | Source of classification or shelving scheme | Damaged status | Not for loan | Collection code | Home library | Current library | Shelving location | Date acquired | Total Checkouts | Full call number | Barcode | Date last seen | Date checked out | Copy number | Price effective from | Koha item type |
|---|---|---|---|---|---|---|---|---|---|---|---|---|---|---|---|---|---|
| Library of Congress Classification | Main Collection | ARRUPE LIBRARY | ARRUPE LIBRARY | 04/03/2013 | 1 | JC599.Z55D46 1998 | 46003049468 | 29/06/2018 | 25/10/2016 | 1 | 04/03/2013 | Monograph ( Printed materials) | |||||
| Library of Congress Classification | Main Collection | ARRUPE LIBRARY | ARRUPE LIBRARY | 04/03/2013 | 1 | JC599.Z55D46 1998 | 46003049490 | 29/06/2018 | 03/02/2017 | 2 | 04/03/2013 | Monograph ( Printed materials) | |||||
| Library of Congress Classification | Main Collection | ARRUPE LIBRARY | ARRUPE LIBRARY | Main Collection | 26/10/2016 | JC599.Z55D46 1998 | 46500010523 | 29/06/2018 | 26/10/2016 | Monograph ( Printed materials) | |||||||
| Library of Congress Classification | ARRUPE LIBRARY | ARRUPE LIBRARY | Main Collection | 01/03/2023 | JC599.Z55D46 1998 | 46700000230 | 01/03/2023 | 01/03/2023 | Monograph ( Printed materials) |